[Event "47.Camp. Italiano ITA"]
[Site "Chianciano Terme ITA"]
[Date "1987.05.31"]
[Round "8"]
[White "De Eccher, Stefano"]
[Black "Mantovani, Renzo"]
[Result "0-1"]
[WhiteElo "2296"]
[BlackElo "2260"]
[Annotator "Gabriele Ballarin"]
[PlyCount "102"]
[EventDate "1987.05.23"]
[EventType "tourn"]
[EventRounds "13"]
[EventCountry "ITA"]

1. e4 c5 2. Nf3 d6 3. d4 cxd4 4. Nxd4 Nf6 5. Nc3 Nc6 6. Bc4 e6 7. Be3 Be7 8. Qe2 Qc7 9. O-O-O a6 10. Bb3 b5 11. g4 Nxd4 12. Bxd4 e5 13. Nd5 Nxd5 14. Bxd5 Bg5+ 15. Be3 Bxe3+ 16. Qxe3 Rb8 17. g5 O-O 18. h4 Be6 19. Qb3 Kh8 20. h5 Bxd5 21. Qxd5 Rb6 22. h6 g6 23. Rd2 Rc6 24. f4 Rc5 25. Qxd6 Qxd6 26. Rxd6 exf4 27. Rxa6 Rxg5 28. Rf6 Rg4 29. Rd1 Kg8 30. e5 Rh4 31. Rd7 Rxh6 32. Rxf4 g5 33. Rf6 Rg6 34. Kd2 Kg7 35. Rxg6+ Kxg6 36. Rd6+ Kf5 37. Ke3 Kxe5 38. Rb6 h5 39. Rxb5+ Kf6 40. Kf2 h4 41. a4 Rh8 42. Rd5 g4 43. Rd1 Kg5 44. a5 f5 45. a6 h3 46. b4 f4 47. b5 Ra8 48. Rb1 g3+ 49. Kg1 Kg4 50. b6 h2+ 51. Kh1 Kh3 0-1

[Event "47.Camp. Italiano ITA"]
[Site "Chianciano Terme ITA"]
[Date "1987.05.31"]
[Round "9"]
[White "Cassai, Paolo"]
[Black "Bellia, Fabrizio"]
[Result "1/2-1/2"]
[WhiteElo "2072"]
[BlackElo "2313"]
[Annotator "Gabriele Ballarin"]
[PlyCount "52"]
[EventDate "1987.05.23"]
[EventType "tourn"]
[EventRounds "13"]
[EventCountry "ITA"]

1. e4 e5 2. Nf3 Nc6 3. Bc4 Nf6 4. d3 Be7 5. O-O O-O 6. c3 d6 7. b4 a6 8. a4 h6 9. Re1 Nh7 10. Qb3 Ng5 11. Nbd2 Bg4 12. Nxg5 Bxg5 13. h3 Bd7 14. Nf3 Bxc1 15. Raxc1 Qf6 16. Qd1 Ne7 17. d4 Rad8 18. Bf1 g5 19. Nh2 Ng6 20. g3 Qg7 21. Ng4 Be6 22. Ne3 Kh7 23. Nf5 Qf6 24. Qf3 Ne7 25. d5 Bd7 26. a5 Kg6 1/2-1/2

[Event "47.Camp. Italiano ITA"]
[Site "Chianciano Terme ITA"]
[Date "1987.05.31"]
[Round "9"]
[White "Godena, Michele"]
[Black "Braga, Fernando Alberto"]
[Result "1-0"]
[WhiteElo "2366"]
[BlackElo "2390"]
[Annotator "Gabriele Ballarin"]
[PlyCount "53"]
[EventDate "1987.05.23"]
[EventType "tourn"]
[EventRounds "13"]
[EventCountry "ITA"]

1. e4 c5 2. c3 Nf6 3. e5 Nd5 4. d4 cxd4 5. Nf3 Nc6 6. cxd4 d6 7. Bc4 Nb6 8. Bb5 e6 9. Bg5 Be7 10. Bxe7 Qxe7 11. Bxc6+ bxc6 12. exd6 Qxd6 13. Nbd2 Ba6 14. Ne4 Qf4 15. Nc5 Bc4 16. Ne5 Rd8 17. Nxc4 Rxd4 18. Nd2 Qe5+ 19. Nce4 f5 20. Qh5+ g6 21. Qg5 Nc4 22. Nxc4 Qxe4+ 23. Ne3 f4 24. O-O h6 25. Qf6 Rf8 26. Ng4 f3 27. Rae1 1-0

[Event "47.Camp. Italiano ITA"]
[Site "Chianciano Terme ITA"]
[Date "1987.05.31"]
[Round "9"]
[White "Mantovani, Renzo"]
[Black "Passerotti, Pierluigi"]
[Result "1/2-1/2"]
[WhiteElo "2260"]
[BlackElo "2320"]
[Annotator "Gabriele Ballarin"]
[PlyCount "34"]
[EventDate "1987.05.23"]
[EventType "tourn"]
[EventRounds "13"]
[EventCountry "ITA"]

1. e4 c5 2. Nf3 Nc6 3. d4 cxd4 4. Nxd4 g6 5. Nc3 Bg7 6. Be3 Nf6 7. Be2 O-O 8. Nb3 d6 9. f4 Be6 10. g4 d5 11. f5 Bc8 12. exd5 Nb4 13. Bf3 gxf5 14. a3 fxg4 15. Bg2 Na6 16. Qd3 Nd7 17. O-O-O Ne5 1/2-1/2

[Event "47.Camp. Italiano ITA"]
[Site "Chianciano Terme ITA"]
[Date "1987.05.31"]
[Round "9"]
[White "Martorelli, Antonio"]
[Black "Anceschi, Vittorio"]
[Result "0-1"]
[WhiteElo "2256"]
[BlackElo "2262"]
[Annotator "Gabriele Ballarin"]
[PlyCount "110"]
[EventDate "1987.05.23"]
[EventType "tourn"]
[EventRounds "13"]
[EventCountry "ITA"]

1. e4 e6 2. d4 d5 3. Nc3 Nf6 4. Bg5 Bb4 5. exd5 Qxd5 6. Bxf6 gxf6 7. Qd2 Bxc3 8. Qxc3 Nc6 9. Nf3 Rg8 10. a3 Bd7 11. O-O-O b5 12. Qc5 Qxc5 13. dxc5 a6 14. g3 Ne7 15. Nd4 e5 16. Bg2 O-O-O 17. Rhe1 Rge8 18. Nb3 Bc6 19. Bxc6 Nxc6 20. Re4 Rxd1+ 21. Kxd1 Kd7 22. Rh4 Rh8 23. Nd2 h6 24. c3 Ke6 25. a4 f5 26. f3 Kf6 27. axb5 axb5 28. g4 fxg4 29. Ne4+ Ke6 30. fxg4 f5 31. gxf5+ Kxf5 32. b4 h5 33. Ke2 Ne7 34. Ng3+ Kg5 35. Re4 Kf6 36. Re3 Nd5 37. Rf3+ Ke6 38. Ne4 Nf4+ 39. Ke3 h4 40. Rf1 Rg8 41. Rd1 Rg2 42. Rd2 Nd5+ 43. Kd3 Rg1 44. c6 h3 45. Rf2 Nf4+ 46. Ke3 Kd5 47. Nd2 Rc1 48. Nf3 Rxc3+ 49. Kd2 Rxc6 50. Ng5 Rg6 51. Nf3 Ke4 52. Nh4 Rh6 53. Nf3 Rd6+ 54. Kc2 Ke3 55. Rf1 Ke2 0-1

[Event "47.Camp. Italiano ITA"]
[Site "Chianciano Terme ITA"]
[Date "1987.05.31"]
[Round "9"]
[White "Tatai, Stefano"]
[Black "De Eccher, Stefano"]
[Result "1-0"]
[WhiteElo "2439"]
[BlackElo "2296"]
[Annotator "Gabriele Ballarin"]
[PlyCount "55"]
[EventDate "1987.05.23"]
[EventType "tourn"]
[EventRounds "13"]
[EventCountry "ITA"]

1. d4 Nf6 2. Nf3 e6 3. c4 b6 4. g3 Ba6 5. b3 d5 6. Bg2 dxc4 7. Ne5 Bb4+ 8. Kf1 Nfd7 9. Nxc4 c6 10. Bb2 b5 11. Ne3 Bb7 12. Nc3 Qb6 13. Ne4 O-O 14. a3 Be7 15. b4 a5 16. Nc5 Rd8 17. Qb3 axb4 18. axb4 Rxa1+ 19. Bxa1 Qa7 20. Bc3 Nxc5 21. dxc5 Qa4 22. Qb2 Bc8 23. Bf3 f6 24. Kg2 Qa7 25. h4 e5 26. h5 h6 27. Qb3+ Kf8 28. Be4 1-0

[Event "47.Camp. Italiano ITA"]
[Site "Chianciano Terme ITA"]
[Date "1987.06.01"]
[Round "10"]
[White "Anceschi, Vittorio"]
[Black "Cassai, Paolo"]
[Result "1/2-1/2"]
[WhiteElo "2262"]
[BlackElo "2072"]
[Annotator "Gabriele Ballarin"]
[PlyCount "125"]
[EventDate "1987.05.23"]
[EventType "tourn"]
[EventRounds "13"]
[EventCountry "ITA"]
[SourceTitle "EXT 2002"]
[Source "ChessBase"]
[SourceDate "2001.11.25"]
[SourceVersion "1"]
[SourceVersionDate "2001.11.25"]
[SourceQuality "1"]

1. c4 f5 2. b3 Nf6 3. Bb2 g6 4. Nf3 Bg7 5. g3 O-O 6. Bg2 d6 7. d4 c6 8. O-O Qc7 9. Nbd2 Na6 10. a3 c5 11. d5 h6 12. Qc2 e5 13. dxe6 Bxe6 14. Nh4 Qf7 15. e4 Nxe4 16. Bxg7 Kxg7 17. Nxe4 fxe4 18. Bxe4 g5 19. Qc3+ Qf6 20. Qxf6+ Rxf6 21. Ng2 Nc7 22. Ne3 Re8 23. Bg2 b5 24. Rad1 Bd7 25. Rd2 bxc4 26. bxc4 Rb8 27. Rfd1 Ba4 28. Ra1 Bd7 29. Rad1 Ba4 30. Re1 Bd7 31. Nd5 Re6 32. Ra1 Nxd5 33. Bxd5 Re7 34. Kg2 Ba4 35. Raa2 Bd7 36. Rab2 Rxb2 37. Rxb2 Kf6 38. Kf3 Ba4 39. Be4 Bd1+ 40. Ke3 Bh5 41. Kd3 Bf7 42. f3 Be6 43. Rb8 g4 44. Rh8 gxf3 45. Bxf3 Bf5+ 46. Kd2 Bh7 47. Bd5 Ke5 48. Rf8 Bf5 49. Kc3 Be6 50. Bxe6 Rxe6 51. Rf7 a6 52. Rf2 Rg6 53. Re2+ Kf5 54. Re8 Rf6 55. Kb3 Kg4 56. Re4+ Kf3 57. Rh4 Ke3 58. Kc3 Ke2 59. Re4+ Kf3 60. Kd3 Kg2 61. Rh4 Rg6 62. a4 a5 63. Rh5 1/2-1/2

[Event "47.Camp. Italiano ITA"]
[Site "Chianciano Terme ITA"]
[Date "1987.06.02"]
[Round "11"]
[White "Cassai, Paolo"]
[Black "De Eccher, Stefano"]
[Result "1/2-1/2"]
[WhiteElo "2072"]
[BlackElo "2296"]
[Annotator "Gabriele Ballarin"]
[PlyCount "86"]
[EventDate "1987.05.23"]
[EventType "tourn"]
[EventRounds "13"]
[EventCountry "ITA"]
[SourceTitle "EXT 2002"]
[Source "ChessBase"]
[SourceDate "2001.11.25"]
[SourceVersion "1"]
[SourceVersionDate "2001.11.25"]
[SourceQuality "1"]

1. e4 c5 2. Nf3 d6 3. Bb5+ Bd7 4. Bxd7+ Qxd7 5. O-O Nc6 6. c3 Nf6 7. Re1 g6 8. d4 cxd4 9. cxd4 d5 10. e5 Ne4 11. Nc3 Nxc3 12. bxc3 e6 13. h4 O-O-O 14. Bf4 Kb8 15. Rb1 Na5 16. Re2 Nc4 17. Nd2 Rc8 18. Nxc4 Rxc4 19. Reb2 b6 20. Bd2 Be7 21. h5 Rhc8 22. Qf3 Bf8 23. g3 Kb7 24. Kg2 Qe7 25. Rb5 R8c7 26. hxg6 hxg6 27. Qd1 Qa3 28. R5b3 Qa6 29. a3 Ra4 30. Bc1 Ka8 31. Qf1 Qa5 32. Ra1 Kb7 33. Qd1 Qa6 34. Rab1 Kc6 35. Qf3 Kb7 36. Qd1 Qc4 37. Qd2 Qc6 38. Qd1 Rc4 39. Bd2 Ra4 40. Bc1 Kc8 41. Qf3 Kb7 42. Qd1 Be7 43. Qf3 Qc4 1/2-1/2

[Event "47.Camp. Italiano ITA"]
[Site "Chianciano Terme ITA"]
[Date "1987.06.02"]
[Round "11"]
[White "Lanzani, Mario"]
[Black "Anceschi, Vittorio"]
[Result "1-0"]
[WhiteElo "2267"]
[BlackElo "2262"]
[Annotator "Gabriele Ballarin"]
[PlyCount "73"]
[EventDate "1987.05.23"]
[EventType "tourn"]
[EventRounds "13"]
[EventCountry "ITA"]

1. e4 e6 2. d4 d5 3. Nc3 Nf6 4. Bg5 Bb4 5. e5 h6 6. Bd2 Bxc3 7. bxc3 Ne4 8. Qg4 Kf8 9. h4 Nxd2 10. Kxd2 c5 11. Rh3 h5 12. Qf4 cxd4 13. cxd4 Nc6 14. Rf3 Qe7 15. c3 Bd7 16. Nh3 Nd8 17. Ng5 b5 18. Rb1 Rb8 19. Bd3 Rb6 20. Nh7+ Rxh7 21. Bxh7 b4 22. cxb4 Rxb4 23. Rfb3 a5 24. Rxb4 axb4 25. Bd3 Ba4 26. Qg5 Qc7 27. Rc1 Nc6 28. Qxh5 Qb6 29. Qh8+ Ke7 30. Qa8 Qxd4 31. Qxa4 Nxe5 32. Qb5 Qxf2+ 33. Be2 Nc4+ 34. Rxc4 dxc4 35. Qxb4+ Kf6 36. Qc3+ Ke7 37. g3 1-0

[Event "47.Camp. Italiano ITA"]
[Site "Chianciano Terme ITA"]
[Date "1987.06.02"]
[Round "11"]
[White "Martorelli, Antonio"]
[Black "Passerotti, Pierluigi"]
[Result "0-1"]
[WhiteElo "2256"]
[BlackElo "2320"]
[Annotator "Gabriele Ballarin"]
[PlyCount "120"]
[EventDate "1987.05.23"]
[EventType "tourn"]
[EventRounds "13"]
[EventCountry "ITA"]

1. e4 c5 2. Nf3 Nc6 3. Bb5 g6 4. c3 a6 5. Ba4 Nf6 6. d4 Nxe4 7. d5 Na7 8. O-O b5 9. Re1 Nf6 10. Bg5 Bg7 11. d6 e6 12. Bc2 Bb7 13. Nbd2 Qb6 14. Ne5 Nc8 15. Nb3 c4 16. Nd4 Nxd6 17. a4 Nd5 18. Qf3 Nb4 19. Qe2 Nxc2 20. Qxc2 Qc5 21. Ndf3 Bxf3 22. Nxf3 O-O 23. Rad1 Rfc8 24. Be7 Bf8 25. Bxf8 Rxf8 26. Ne5 Ra7 27. Qd2 f6 28. Qxd6 Qxd6 29. Rxd6 fxe5 30. Rxe5 Rb8 31. a5 b4 32. h4 bxc3 33. bxc3 Rb3 34. Re3 Ra3 35. Rd4 Rc7 36. h5 Ra1+ 37. Kh2 Rxa5 38. g4 gxh5 39. Rh3 Rg5 40. gxh5 d5 41. Rd2 a5 42. h6 Kf7 43. f4 Rg4 44. f5 Rg5 45. fxe6+ Kxe6 46. Ra2 Ra7 47. Rb2 Kd6 48. Rb6+ Kc5 49. Rf6 Kb5 50. Re3 Ra6 51. Rxa6 Kxa6 52. Re6+ Kb5 53. Rd6 a4 54. Kh3 a3 55. Kh4 a2 56. Kxg5 a1=Q 57. Rxd5+ Kc6 58. Rf5 Qxc3 59. Rf6+ Kd5 60. Rf5+ Ke6 0-1

[Event "47.Camp. Italiano ITA"]
[Site "Chianciano Terme ITA"]
[Date "1987.06.03"]
[Round "12"]
[White "Bellia, Fabrizio"]
[Black "Arlandi, Ennio"]
[Result "1/2-1/2"]
[WhiteElo "2313"]
[BlackElo "2325"]
[Annotator "Gabriele Ballarin"]
[PlyCount "51"]
[EventDate "1987.05.23"]
[EventType "tourn"]
[EventRounds "13"]
[EventCountry "ITA"]

1. e4 e5 2. Nf3 Nf6 3. Nc3 Nc6 4. d4 Bb4 5. d5 Ne7 6. Nxe5 O-O 7. Qd4 Bxc3+ 8. bxc3 Re8 9. Be3 Ng6 10. Nxg6 Rxe4 11. Qd1 hxg6 12. Bd3 Re8 13. c4 d6 14. h3 Ne4 15. O-O Nc5 16. Qd2 b6 17. Rae1 Bb7 18. Bg5 Qd7 19. Rxe8+ Rxe8 20. Re1 Rxe1+ 21. Qxe1 c6 22. dxc6 Qxc6 23. f3 Nxd3 24. cxd3 d5 25. Qe7 dxc4 26. dxc4 1/2-1/2

[Event "47.Camp. Italiano ITA"]
[Site "Chianciano Terme ITA"]
[Date "1987.06.03"]
[Round "12"]
[White "De Eccher, Stefano"]
[Black "Lanzani, Mario"]
[Result "0-1"]
[WhiteElo "2296"]
[BlackElo "2267"]
[Annotator "Gabriele Ballarin"]
[PlyCount "94"]
[EventDate "1987.05.23"]
[EventType "tourn"]
[EventRounds "13"]
[EventCountry "ITA"]

1. e4 Nf6 2. d3 d5 3. Nd2 c5 4. Ngf3 Nc6 5. g3 g6 6. Bg2 Bg7 7. O-O O-O 8. a4 h6 9. c3 e5 10. exd5 Nxd5 11. Nc4 Re8 12. a5 Be6 13. Qa4 Qc7 14. Re1 Rab8 15. Bd2 b5 16. axb6 axb6 17. Ne3 Nde7 18. Qb5 Na5 19. Qa4 Nb3 20. Rad1 b5 21. Qh4 g5 22. Qh5 f5 23. g4 Bf7 24. Qh3 f4 25. Nf5 Nxf5 26. gxf5 Qd8 27. d4 h5 28. Nxe5 Bxe5 29. dxe5 g4 30. Bxf4 gxh3 31. Rxd8 Rexd8 32. Bxh3 Ra8 33. e6 Be8 34. f6 Ra1 35. f7+ Bxf7 36. exf7+ Kxf7 37. Rxa1 Nxa1 38. Kf1 Rd1+ 39. Kg2 Rb1 40. Bd6 c4 41. Kf3 Rxb2 42. Ke4 Rd2 43. Ke5 Rxf2 44. Bd7 Rc2 45. Bxb5 Rxc3 46. Kd4 Rd3+ 47. Ke5 Rxd6 0-1

[Event "47.Camp. Italiano ITA"]
[Site "Chianciano Terme ITA"]
[Date "1987.06.03"]
[Round "12"]
[White "Godena, Michele"]
[Black "Martorelli, Antonio"]
[Result "1-0"]
[WhiteElo "2366"]
[BlackElo "2256"]
[Annotator "Gabriele Ballarin"]
[PlyCount "41"]
[EventDate "1987.05.23"]
[EventType "tourn"]
[EventRounds "13"]
[EventCountry "ITA"]

1. e4 c5 2. c3 Nf6 3. e5 Nd5 4. d4 cxd4 5. Nf3 e6 6. cxd4 d6 7. Bc4 Nd7 8. Bxd5 exd5 9. Nc3 Nb6 10. O-O Be7 11. a4 Be6 12. a5 Nc4 13. Qa4+ Bd7 14. Qa2 dxe5 15. Nxd5 e4 16. Qxc4 Rc8 17. Qb3 exf3 18. Re1 Be6 19. Qb5+ Rc6 20. Nxe7 Qxe7 21. d5 1-0

[Event "47.Camp. Italiano ITA"]
[Site "Chianciano Terme ITA"]
[Date "1987.06.03"]
[Round "12"]
[White "Passerotti, Pierluigi"]
[Black "Cassai, Paolo"]
[Result "1/2-1/2"]
[WhiteElo "2320"]
[BlackElo "2072"]
[Annotator "Gabriele Ballarin"]
[PlyCount "91"]
[EventDate "1987.05.23"]
[EventType "tourn"]
[EventRounds "13"]
[EventCountry "ITA"]

1. d4 f5 2. Bg5 g6 3. Nc3 Bg7 4. e3 Nf6 5. Bd3 d5 6. Nce2 O-O 7. Bxf6 Bxf6 8. f4 c5 9. c3 Nc6 10. Nf3 b6 11. Neg1 e6 12. Nh3 Qc7 13. Rg1 Kh8 14. Ne5 Bxe5 15. fxe5 Qe7 16. Qe2 cxd4 17. exd4 Qh4+ 18. Qf2 Qe7 19. Nf4 Bd7 20. h4 Rab8 21. Rh1 Kg7 22. O-O-O b5 23. Rh3 b4 24. c4 dxc4 25. Bxc4 Na5 26. Bxe6 Rfc8+ 27. Kb1 Bxe6 28. d5 Bg8 29. e6 b3 30. Qd4+ Kh6 31. axb3 Qd6 32. h5 Rxb3 33. hxg6+ Rxh3 34. gxh7 Kxh7 35. Nxh3 Qc7 36. Qh4+ Kg7 37. Qg5+ Kh8 38. Qf6+ Qg7 39. Qxg7+ Kxg7 40. Nf4 Kf6 41. d6 Bxe6 42. d7 Rd8 43. Rd6 Ke5 44. Nxe6 Kxd6 45. Nxd8 Ke7 46. Nf7 1/2-1/2

[Event "47.Camp. Italiano ITA"]
[Site "Chianciano Terme ITA"]
[Date "1987.06.04"]
[Round "13"]
[White "Martorelli, Antonio"]
[Black "Mantovani, Renzo"]
[Result "0-1"]
[WhiteElo "2256"]
[BlackElo "2260"]
[Annotator "Gabriele Ballarin"]
[PlyCount "74"]
[EventDate "1987.05.23"]
[EventType "tourn"]
[EventRounds "13"]
[EventCountry "ITA"]

1. d4 Nf6 2. c4 g6 3. Nf3 Bg7 4. Nc3 c5 5. g3 O-O 6. d5 d6 7. Bg2 e5 8. dxe6 Bxe6 9. Ng5 Bxc4 10. Bxb7 Nbd7 11. Qxd6 h6 12. Nge4 Nxe4 13. Bxe4 Re8 14. O-O Bxc3 15. Bxa8 Be5 16. Qd1 Qxa8 17. Qxd7 Bd4 18. e3 Be6 19. Qb5 Bh3 20. f3 Bxf1 21. Qxf1 Bxe3+ 22. Bxe3 Rxe3 23. Kg2 Qe8 24. Kf2 Qe6 25. Re1 Rxe1 26. Qxe1 Qxa2 27. Qe8+ Kh7 28. Qe5 a5 29. h4 h5 30. g4 Qc4 31. Kg3 Qd4 32. Qe7 Qg1+ 33. Kh3 hxg4+ 34. fxg4 Qf1+ 35. Kg3 Qd3+ 36. Kf4 Qd4+ 37. Kf3 Kg7 0-1

[Event "48.C.to  di Cat.Mag. Semif. ITA"]
[Site "Milano ITA"]
[Date "1988.12.13"]
[Round "1.1"]
[White "Lagrotteria, Salvatore"]
[Black "Borgo, Giulio"]
[Result "0-1"]
[WhiteElo "2068"]
[BlackElo "2365"]
[Annotator "Gabriele Ballarin"]
[PlyCount "88"]
[EventDate "1988.02.13"]
[EventType "tourn"]
[EventRounds "9"]
[EventCountry "ITA"]

1. e4 c5 2. Nf3 Nc6 3. d3 e6 4. g3 d5 5. Nbd2 Bd6 6. Bg2 Nge7 7. O-O O-O 8. Re1 Qc7 9. c3 f6 10. Qe2 Bd7 11. a3 a5 12. a4 Be8 13. Nb1 Bf7 14. Na3 Na7 15. exd5 exd5 16. d4 c4 17. Bf4 Bxf4 18. Qxe7 Rfe8 19. Qxc7 Bxc7 20. Nd2 Kf8 21. Nf1 Rxe1 22. Rxe1 Rd8 23. Ne3 Nc8 24. Nb5 Bb8 25. Rb1 Nb6 26. b3 cxb3 27. Rxb3 Be8 28. Na3 Nxa4 29. Bxd5 b6 30. c4 Bd6 31. Nb1 Bb4 32. Kf1 b5 33. Na3 Bxa3 34. Rxa3 b4 35. Ra1 b3 36. Rb1 Rb8 37. Nd1 Bg6 38. Ra1 Rb4 39. c5 b2 40. Nxb2 Nxb2 41. Rxa5 Ra4 42. Rxa4 Nxa4 43. c6 Bf5 44. Bb3 Nb6 0-1

[Event "48.C.to  di Cat.Mag. Semif. ITA"]
[Site "Milano ITA"]
[Date "1988.02.13"]
[Round "1.2"]
[White "Quinto, Gianni"]
[Black "Quagliarella, Sabino Remo"]
[Result "1-0"]
[WhiteElo "2085"]
[BlackElo "1900"]
[Annotator "Gabriele Ballarin"]
[PlyCount "121"]
[EventDate "1988.02.13"]
[EventType "tourn"]
[EventRounds "9"]
[EventCountry "ITA"]

1. d4 Nf6 2. c4 e6 3. Nf3 d5 4. g3 g6 5. Bg2 Bg7 6. O-O O-O 7. Qc2 Nc6 8. Rd1 Qe8 9. Bf4 Qe7 10. Na3 a6 11. Ne5 Bd7 12. Rac1 Rac8 13. Bf3 Rfd8 14. h4 Be8 15. c5 Nxe5 16. Bxe5 Bc6 17. Bf4 Nd7 18. e4 f6 19. Re1 Qf7 20. exd5 exd5 21. Qb3 Nf8 22. Nc2 Ne6 23. Be3 f5 24. Rcd1 a5 25. Re2 f4 26. Bc1 Qf5 27. g4 Qf6 28. Rxe6 Qxe6 29. Bxf4 Qf7 30. Bg3 Rf8 31. Bg2 Rcd8 32. Ne3 Rd7 33. g5 Rfd8 34. Qc3 a4 35. b4 axb3 36. axb3 Re7 37. Rd2 h6 38. b4 Kh7 39. Qb3 b5 40. Ng4 hxg5 41. hxg5 Re1+ 42. Kh2 Rh8 43. Bh3 Kg8 44. Kg2 Qe7 45. Nf6+ Bxf6 46. gxf6 Qe4+ 47. f3 Re2+ 48. Bf2 Qh4 49. Be6+ Kf8 50. Rxe2 Qh1+ 51. Kg3 Qh2+ 52. Kg4 Rh5 53. f4 Rh7 54. Qd3 Qh5+ 55. Kg3 Qh2+ 56. Kf3 Qh1+ 57. Ke3 Qg2 58. Kd2 Rh1 59. Be1 Qg1 60. Qe3 Qf1 61. Bh3 1-0

[Event "48.C.to  di Cat.Mag. Semif. ITA"]
[Site "Milano ITA"]
[Date "1988.02.13"]
[Round "1.3"]
[White "Sani, Valentino"]
[Black "Visentin, Claudio"]
[Result "0-1"]
[WhiteElo "1900"]
[BlackElo "2017"]
[Annotator "Gabriele Ballarin"]
[PlyCount "104"]
[EventDate "1988.02.13"]
[EventType "tourn"]
[EventRounds "9"]
[EventCountry "ITA"]

1. c4 g6 2. g3 Bg7 3. Bg2 Nf6 4. Nc3 O-O 5. Nf3 c6 6. O-O d6 7. d4 Nbd7 8. e4 e5 9. h3 Qb6 10. dxe5 Nxe5 11. Nxe5 dxe5 12. Qc2 Be6 13. Be3 Qc7 14. Na4 b6 15. f4 exf4 16. Bxf4 Qc8 17. Kh2 Nh5 18. Bd6 Rd8 19. e5 Rxd6 20. exd6 Be5 21. Rf3 Bxd6 22. Rd1 Qc7 23. Rxd6 Qxd6 24. c5 bxc5 25. Nxc5 Bd5 26. Rd3 Re8 27. Ne4 Rxe4 28. Bxe4 Bxe4 29. Rxd6 Bxc2 30. Rxc6 Bd3 31. Rd6 Be2 32. Kg2 Kg7 33. Kf2 Bb5 34. Rd5 a6 35. b3 Nf6 36. Rd4 Kf8 37. a4 Bc6 38. Ke3 Ke7 39. g4 h6 40. Kd3 g5 41. Kc3 Bg2 42. Rd3 Nd5+ 43. Kd4 Nf4 44. Rd2 Bxh3 45. Rh2 Bxg4 46. Rxh6 Be6 47. b4 g4 48. Ke4 g3 49. Kf3 g2 50. Kf2 Bd5 51. b5 axb5 52. axb5 Ne2 0-1

[Event "48.C.to  di Cat.Mag. Semif. ITA"]
[Site "Milano ITA"]
[Date "1988.02.13"]
[Round "1.4"]
[White "Caizzone, Vito"]
[Black "Montani, Francesco"]
[Result "1/2-1/2"]
[WhiteElo "2180"]
[BlackElo "1979"]
[Annotator "Gabriele Ballarin"]
[PlyCount "114"]
[EventDate "1988.02.13"]
[EventType "tourn"]
[EventRounds "9"]
[EventCountry "ITA"]

1. d4 c5 2. c3 cxd4 3. cxd4 Nf6 4. Nc3 d5 5. Nf3 Nc6 6. Bf4 Qb6 7. Rc1 Qxb2 8. e4 Nxe4 9. Nxe4 dxe4 10. d5 e5 11. Rb1 Qa3 12. dxc6 exf4 13. Qd4 bxc6 14. Qxe4+ Qe7 15. Ne5 Bd7 16. Bb5 f5 17. Qe2 cxb5 18. O-O g6 19. Qf3 Rc8 20. Rfe1 Be6 21. Rxb5 Bg7 22. Rb7 Bxe5 23. Rxe7+ Kxe7 24. h3 Kf6 25. g3 Rc4 26. g4 fxg4 27. hxg4 g5 28. Qb7 Rc5 29. Qxa7 Rhc8 30. Qxh7 Rc1 31. Rxc1 Rxc1+ 32. Kg2 f3+ 33. Kxf3 Rh1 34. Qb7 Rh3+ 35. Ke4 Bxg4 36. Qb6+ Kg7 37. Kxe5 Rf3 38. Qc7+ Kg6 39. Qb6+ Kh5 40. Qa7 Kh4 41. Qh7+ Bh5 42. Qc2 Kh3 43. Qd2 g4 44. a4 Kg2 45. Qg5 Kxf2 46. Qxh5 g3 47. Qh4 Ke2 48. Qg4 Kf2 49. Ke4 Re3+ 50. Kf4 Rc3 51. Ke5 Re3+ 52. Kd5 g2 53. Qf4+ Rf3 54. Qh2 Kf1 55. Kc6 g1=Q 56. Qxg1+ Kxg1 57. a5 Rf6+ 1/2-1/2

[Event "48.C.to  di Cat.Mag. Semif. ITA"]
[Site "Milano ITA"]
[Date "1988.02.13"]
[Round "1.5"]
[White "Pantaleoni, Claudio"]
[Black "Brovelli, Claudio"]
[Result "1/2-1/2"]
[WhiteElo "2080"]
[BlackElo "2017"]
[Annotator "Gabriele Ballarin"]
[PlyCount "88"]
[EventDate "1988.02.13"]
[EventType "tourn"]
[EventRounds "9"]
[EventCountry "ITA"]

1. d4 c5 2. d5 d6 3. c4 e5 4. Nc3 Be7 5. e4 Bg5 6. Bd3 Bxc1 7. Rxc1 Ne7 8. Nge2 O-O 9. O-O Nd7 10. a3 Ng6 11. b4 b6 12. Qd2 Qe7 13. Rb1 Nf6 14. bxc5 bxc5 15. Ng3 Nf4 16. Nce2 Nxe2+ 17. Qxe2 g6 18. Rb3 Nd7 19. a4 Nb8 20. Bc2 Na6 21. Qd2 Nb4 22. Ne2 Ba6 23. Bd3 Rab8 24. Rfb1 Bc8 25. Nc3 Bd7 26. a5 Qd8 27. Na2 Qxa5 28. Nxb4 cxb4 29. Rxb4 Rb6 30. Qe1 Qc5 31. Rxb6 axb6 32. Qb4 Qxb4 33. Rxb4 Rb8 34. f3 Kf8 35. Kf2 Ke7 36. Ke3 Kd8 37. Rb2 Kc7 38. Ra2 Kb7 39. g3 Ra8 40. Rxa8 Kxa8 41. Kd2 Kb7 42. Kc3 b5 43. cxb5 Kb6 44. Kb4 g5 1/2-1/2

[Event "48.C.to  di Cat.Mag. Semif. ITA"]
[Site "Milano ITA"]
[Date "1988.02.13"]
[Round "1.6"]
[White "Biondi, Gualtiero"]
[Black "Marinelli, Tullio"]
[Result "1/2-1/2"]
[WhiteElo "1973"]
[BlackElo "2153"]
[Annotator "Gabriele Ballarin"]
[PlyCount "80"]
[EventDate "1988.02.13"]
[EventType "tourn"]
[EventRounds "9"]
[EventCountry "ITA"]

1. e4 c5 2. d4 cxd4 3. c3 dxc3 4. Nxc3 Nc6 5. Nf3 d6 6. Bc4 e6 7. O-O Nf6 8. Qe2 Be7 9. Rd1 e5 10. h3 O-O 11. Bg5 Be6 12. Rd2 Rc8 13. Bb5 h6 14. Bh4 Ne8 15. Bg3 Qa5 16. Rad1 a6 17. Ba4 b5 18. Bb3 Nc7 19. Nd5 Bxd5 20. exd5 Nb8 21. Nxe5 Rce8 22. Qd3 dxe5 23. d6 Bg5 24. dxc7 Qxc7 25. Rc2 Qa7 26. Qf5 Qe7 27. Rd5 Bf6 28. Re2 g6 29. Qe4 Kh7 30. Bxe5 Nc6 31. Bd6 Qxe4 32. Rxe4 Rxe4 33. Bxf8 Kg8 34. Bxh6 Bxb2 35. Rd7 Re1+ 36. Kh2 Re7 37. Rd2 Be5+ 38. f4 Bc7 39. Bg5 Re4 40. Kg3 Re3+ 1/2-1/2

[Event "48.C.to  di Cat.Mag. Semif. ITA"]
[Site "Milano ITA"]
[Date "1988.02.13"]
[Round "1.7"]
[White "Leoni, Leopoldo"]
[Black "Iudicello, Massimo"]
[Result "1-0"]
[WhiteElo "2126"]
[BlackElo "1914"]
[Annotator "Gabriele Ballarin"]
[PlyCount "87"]
[EventDate "1988.02.13"]
[EventType "tourn"]
[EventRounds "9"]
[EventCountry "ITA"]

1. e4 e5 2. f4 Bc5 3. Nf3 d6 4. c3 Nf6 5. d4 exd4 6. cxd4 Bb6 7. Nc3 O-O 8. Bd3 Bg4 9. Be3 Nc6 10. Bc2 Re8 11. Qd2 Nxe4 12. Bxe4 d5 13. Ne5 Nxe5 14. Bxh7+ Kxh7 15. fxe5 f6 16. O-O fxe5 17. Rae1 exd4 18. Bxd4 Rxe1 19. Rxe1 c6 20. Kh1 Bxd4 21. Qxd4 Qd7 22. h3 Be6 23. Re5 Rf8 24. Ne2 Rf1+ 25. Kh2 Qd6 26. Ng3 Rf6 27. Ne4 Qc7 28. Nxf6+ gxf6 29. Qh4+ Kg7 30. Qg3+ Kf7 31. Rh5 Qxg3+ 32. Kxg3 Kg6 33. Rh8 d4 34. Rd8 c5 35. b3 Kf5 36. Kf3 Ke5 37. h4 Bd5+ 38. Ke2 Bxg2 39. h5 Kf4 40. h6 Bf3+ 41. Kd2 Be4 42. Rd7 b5 43. b4 Kg5 44. bxc5 1-0